000 01270nac a22002531u 4500
008 090707t xxu||||| |||| 00| 0 eng d
010 _a93028233
020 _a0471309702 (alk. paper)
082 0 0 _a694
_220
_bTIM
110 2 _aAmerican Institute of Timber Construction.
_97696
245 1 0 _aTimber Construction Manual /
_cAmerican Institute of Timber Construction.
250 _a4th ed.
260 _aNew York :
_bWiley,
_cc1994.
300 _axxiii, 904 p. :
_bill, map ;
_c25 cm.
500 _a"A Wiley-Interscience publication."
504 _aIncludes bibliographical references and index.
650 0 _aBuilding, Wooden
_xHandbooks, manuals, etc.
_97697
856 4 2 _3Publisher description
_uhttp://www.loc.gov/catdir/description/wiley033/93028233.html
856 4 2 _3Table of Contents only
_uhttp://www.loc.gov/catdir/toc/onix04/93028233.html
856 4 2 _3Contributor biographical information
_uhttp://www.loc.gov/catdir/enhancements/fy0607/93028233-b.html
942 _cNB
_k694 TIM
_2ddc
999 _c6699
_d6699